| 000 | 00546nam a22002057a 4500 | ||
|---|---|---|---|
| 003 | OSt | ||
| 005 | 20250417133615.0 | ||
| 008 | 190919b ||||| |||| 00| 0 eng d | ||
| 020 | _a9780307743527 | ||
| 040 | _cKCST | ||
| 082 |
_a823.8 _bWi Os |
||
| 100 | _aWilde, Oscar | ||
| 245 |
_aThe picture of Dorian Gray / _cOscar Wilde |
||
| 260 |
_aNew York : _bVintage Books, _c2011. |
||
| 300 | _a194 p. | ||
| 650 |
_aAppearance (Philosophy) _xFiction. |
||
| 650 |
_aConduct of life _xFiction. |
||
| 650 |
_aYouthfulness _xFiction. |
||
| 942 |
_2ddc _cBK |
||
| 999 |
_c15 _d15 |
||